Anime By Openings - Statistics

General Stats
  • This quiz has been taken 451 times
    450 since last reset
  • The average score is 16 of 38
Answer Stats
Openings Anime % Correct
Inferno Fire Force
88%
Unravel Tokyo Ghoul
88%
Gotta Catch 'Em All Pokemon
84%
Crossing Field Sword Art Online
81%
Gurenge Demon Slayer
80%
Peace Sign My Hero Academia
76%
Kyouran Hey Kids!! Noragami
72%
Silhouette Naruto Shippuden
69%
A Cruel Angel's Thesis Neon Genesis Evangelion
66%
My war Attack on Titan
63%
The hero One punch man
59%
Colors Code Geass
58%
Good morning world Dr Stone
57%
"Redo" Re;zero
53%
Again Fullmetal Alchemist Brotherhood
52%
Re'nai Circulation Bakemonogatari
50%
Bye Bye yesterday Assassination classroom
42%
Brave Shine Fate Stay night
38%
STAND PROUD Jojo's Bizarre Adventure
36%
Tank! Cowboy Bebop
35%
Centimeter Rent a girlfriend
34%
Love dramatic Love is war
33%
Deal With The Devil Kakegurui
32%
Clattanoia Overlord
32%
Kimi no sei Rascal does not dream of bunny girl senpai
32%
Resonance Soul Eater
30%
Oath Sign Fate Zero
27%
Fantastic dreamers Konosuba
20%
Jingo Jungle Saga of Tanya the Evil
18%
Rightfully Goblin Slayer
14%
Rise Rising of the shield hero
14%
Story teller That time i got reincarnated as a slime
11%
Vanilla Salt Toradora
9%
Click Nisekoi
8%
Koi no Uta Tonikawa
8%
I swear Date a live
7%
Mr fixer Id;Invaded
7%
Literature Wondering Witch
1%
No matching quizzes found
Score Distribution
Percent of People with Each Score
Percentile by Number Answered
Your Score History
You have not taken this quiz since the last reset